Statistics for European Capitals with the Smallest Seasonal Temperature Variation

Click here to take the quiz!

General Stats

  • This quiz has been taken 123 times
  • The average score is 10 of 12

Answer Stats

°CCapital% Correct
13.0London
95%
10.0Dublin
91%
11.8Lisbon
90%
16.3Rome
88%
14.2Amsterdam
87%
11.2Reykjavik
86%
15.1Brussels
84%
15.4Paris
83%
14.6Valletta
70%
13.5Monaco
69%
16.3Vatican City
69%
16.6Andorra la Vella
48%

Score Distribution

Percentile by Number Answered

Percent of People with Each Score

Your Score History

You have not taken this quiz